Modelos de investigación cualitativa en educación social y animación sociocultural: aplicaciones prácticas

Spremljeno u:
Bibliografski detalji
Glavni autor: Pérez Serrano, Gloria (Autor)
Format: Knjiga
Jezik:španjolski
Izdano: Madrid Narcea S. A 2004
Izdanje:4a. ed
Teme:
Oznake: Dodaj oznaku
Bez oznaka, Budi prvi tko označuje ovaj zapis!

MARC

LEADER 00000nam a2200000 a 4500
001 UCG5064
003 CL-VaPUC
008 101230e20040000SP |||||||||||||||||spa|d
020 |a 8427713029 
082 0 4 |a 001.42  |b PER  |2 21 
100 0 |a Pérez Serrano, Gloria  |e author  |9 554604 
245 1 0 |a Modelos de investigación cualitativa en educación social y animación sociocultural: aplicaciones prácticas 
250 |a 4a. ed 
300 |a 319 p 
942 |c BK 
945 |d 20101230 00:00:00  |a dcastane 
260 |a Madrid  |b Narcea S. A  |c 2004 
650 0 |a Ciencias sociales  |v Investigación  |9 307767 
650 0 |a Métodos de investigación   |9 262618 
650 0 |a Animación sociocultural   |9 388887 
650 7 |a EDUCACION SOCIAL  |2 CL-VaPUC  |9 330279 
650 0 |a Problemas sociales  |9 258537 
583 |a last modification  |c 20101230 00:00:00  |k Rodrigo Vera 
999 |c 343636  |d 343634 
952 |0 0  |1 0  |4 0  |6 001_420000000000000_PER_2004  |7 0  |8 A  |9 441087  |a BIBGIM  |b BIBGIM  |d 2019-11-22  |i 4745140  |o 001.42 PER 2004  |p 4745140  |r 2025-01-15  |w 2019-11-22  |y BK  |k SSL 
952 |0 0  |1 0  |4 0  |6 001_420000000000000_PER_2004  |7 0  |8 A  |9 441088  |a BIBGIM  |b BIBGIM  |d 2019-11-22  |i 4745159  |o 001.42 PER 2004  |p 4745159  |r 2025-01-15  |w 2019-11-22  |y BK  |k SSL 
952 |0 0  |1 0  |4 0  |6 001_420000000000000_PER_2004  |7 0  |8 A  |9 441089  |a BIBGIM  |b BIBGIM  |d 2019-11-22  |i 4745167  |o 001.42 PER 2004  |p 4745167  |r 2025-01-15  |w 2019-11-22  |y BK  |k SSL